[Event "PNWCC WOW op"]
[Site "Chess.com INT"]
[Date "2020.12.27"]
[Round "6"]
[White "Wen, Teddie"]
[Black "Xie, Brandon"]
[Result "0-1"]
[WhiteElo "2071"]
[BlackElo "1852"]
[PlyCount "82"]
[EventDate "2020.12.26"]
[EventType "swiss"]
[EventRounds "9"]
[EventCountry "USA"]
[SourceTitle "CBM 200 Extra"]
[Source "ChessBase"]
[SourceDate "2021.03.31"]
[SourceVersion "1"]
[SourceVersionDate "2021.03.31"]
[SourceQuality "1"]

1. d4 Nf6 2. c4 g6 3. Nc3 d5 4. cxd5 Nxd5 5. Bd2 Nb6 6. Nf3 Bg7 7. Bf4 0-0 8. h3 Be6 9. e4 f5 10. Ng5 Qc8 11. d5 Bf7 12. Be2 c6 13. Rc1 Qd7 14. a4 cxd5 15. a5 e5 16. axb6 exf4 17. exd5 axb6 18. 0-0 Na6 19. Nxf7 Rxf7 20. Qb3 Qd6 21. Na4 Bd4 22. Bxa6 Rxa6 23. Rfe1 Kg7 24. Qc4 Be5 25. Nc3 Bxc3 26. Qxc3+ Qf6 27. Qd2 Ra4 28. Rcd1 Re4 29. f3 Rxe1+ 30. Rxe1 Re7 31. Rxe7+ Qxe7 32. d6 Qd7 33. Qd4+ Kf7 34. Qc4+ Kf6 35. Qxf4 Ke6 36. Qe3+ Kxd6 37. Qxb6+ Qc6 38. Qd4+ Qd5 39. Qf6+ Qe6 40. Qd8+ Qd7 41. Qh8 Kc6 0-1

[Event "PNWCC Thanksgiving op"]
[Site "Chess.com INT"]
[Date "2020.11.29"]
[Round "7"]
[White "Wen, Teddie"]
[Black "Sarkar, Justin"]
[Result "1/2-1/2"]
[WhiteElo "2071"]
[BlackElo "2374"]
[PlyCount "97"]
[EventDate "2020.11.27"]
[EventType "swiss (rapid)"]
[EventRounds "9"]
[EventCountry "USA"]
[SourceTitle "CBM 199 Extra"]
[Source "ChessBase"]
[SourceDate "2021.01.31"]
[SourceVersion "1"]
[SourceVersionDate "2021.01.31"]
[SourceQuality "1"]

1. d4 Nf6 2. c4 e6 3. Nf3 b6 4. g3 Bb7 5. Bg2 Be7 6. 0-0 0-0 7. Nc3 Ne4 8. Qc2 Nxc3 9. Qxc3 c5 10. dxc5 bxc5 11. Qc2 Nc6 12. e4 e5 13. b3 d6 14. Be3 a5 15. Ne1 a4 16. Nd3 axb3 17. axb3 Nd4 18. Bxd4 cxd4 19. b4 Qc7 20. c5 dxc5 21. bxc5 Ba6 22. Rfd1 Bxd3 23. Qxd3 Bxc5 24. Rxa8 Rxa8 25. Qc4 h5 26. h4 Qe7 27. Bf1 Bb4 28. Rb1 Bc3 29. Qd5 Rd8 30. Qb3 g5 31. Qd1 gxh4 32. Qxh5 hxg3 33. Qg4+ Kf8 34. Qxg3 Bd2 35. Bd3 Bf4 36. Qg4 Qc7 37. Qh5 Kg7 38. Kh1 Rd6 39. Rg1+ Rg6 40. Rxg6+ fxg6 41. Qh4 Qc1+ 42. Kg2 Qa3 43. Be2 d3 44. Bxd3 Qxd3 45. Qe7+ Kh6 46. Qh4+ Kg7 47. Qe7+ Kg8 48. Qe8+ Kg7 49. Qe7+ 1/2-1/2

[Event "PNWCC Thanksgiving op"]
[Site "Chess.com INT"]
[Date "2020.11.29"]
[Round "9"]
[White "Wen, Teddie"]
[Black "Tabatabaei, Mohammad Amin"]
[Result "0-1"]
[WhiteElo "2071"]
[BlackElo "2629"]
[PlyCount "72"]
[EventDate "2020.11.27"]
[EventType "swiss (rapid)"]
[EventRounds "9"]
[EventCountry "USA"]
[SourceTitle "CBM 199 Extra"]
[Source "ChessBase"]
[SourceDate "2021.01.31"]
[SourceVersion "1"]
[SourceVersionDate "2021.01.31"]
[SourceQuality "1"]

1. d4 g6 2. c4 Bg7 3. Nc3 e6 4. e4 Ne7 5. Nf3 0-0 6. d5 f5 7. exf5 Nxf5 8. Be2 d6 9. 0-0 Bxc3 10. bxc3 e5 11. c5 Nd7 12. cxd6 cxd6 13. Bd3 Nc5 14. Ng5 Qa5 15. Ne4 Nxe4 16. Bxe4 Qxc3 17. Rb1 b6 18. g4 Nd4 19. Bb2 Qh3 20. Bxd4 exd4 21. f3 Bxg4 22. Qxd4 Rae8 23. Rb3 Bf5 24. Rf2 Qh4 25. Re3 Bxe4 26. Rxe4 Rxe4 27. Qxe4 Qxe4 28. fxe4 Rxf2 29. Kxf2 Kg7 30. Ke3 Kf6 31. Kd4 a6 32. a4 g5 33. a5 bxa5 34. e5+ dxe5+ 35. Kc5 Ke7 36. Kc6 Kd8 0-1

[Event "PNWCC Thanksgiving op"]
[Site "Chess.com INT"]
[Date "2020.11.28"]
[Round "5"]
[White "Wen, Teddie"]
[Black "Vokhidov, Shamsiddin"]
[Result "0-1"]
[WhiteElo "2071"]
[BlackElo "2529"]
[PlyCount "58"]
[EventDate "2020.11.27"]
[EventType "swiss (rapid)"]
[EventRounds "9"]
[EventCountry "USA"]
[SourceTitle "CBM 199 Extra"]
[Source "ChessBase"]
[SourceDate "2021.01.31"]
[SourceVersion "1"]
[SourceVersionDate "2021.01.31"]
[SourceQuality "1"]

1. d4 d5 2. c4 e6 3. Nf3 a6 4. a4 c5 5. cxd5 exd5 6. Nc3 Nc6 7. Bg5 f6 8. Bf4 g5 9. Be3 g4 10. Nh4 f5 11. g3 Bg7 12. Bd2 cxd4 13. Na2 Nge7 14. Bg5 Qb6 15. Bg2 Qxb2 16. 0-0 Be6 17. Bxe7 Kxe7 18. Qd3 Ne5 19. Qd1 Rac8 20. Qe1 Nc6 21. Qd1 Bf6 22. a5 Ne5 23. Qe1 Rc4 24. f4 Nd7 25. Qd1 Rhc8 26. Bh1 d3 27. Qxd3 Qd4+ 28. Kg2 Qxd3 29. exd3 Rc2+ 0-1

[Event "PNWCC Thanksgiving op"]
[Site "Chess.com INT"]
[Date "2020.11.27"]
[Round "2"]
[White "Fridman, Daniel"]
[Black "Wen, Teddie"]
[Result "1-0"]
[WhiteElo "2601"]
[BlackElo "2071"]
[PlyCount "77"]
[EventDate "2020.11.27"]
[EventType "swiss (rapid)"]
[EventRounds "9"]
[EventCountry "USA"]
[SourceTitle "CBM 199 Extra"]
[Source "ChessBase"]
[SourceDate "2021.01.31"]
[SourceVersion "1"]
[SourceVersionDate "2021.01.31"]
[SourceQuality "1"]

1. e4 c5 2. c3 d5 3. exd5 Qxd5 4. d4 Nc6 5. Nf3 Bf5 6. Be3 e6 7. Na3 cxd4 8. Nb5 Qd7 9. Nfxd4 a6 10. Nxc6 bxc6 11. Qxd7+ Kxd7 12. 0-0-0+ Kc8 13. Nd4 Ne7 14. Be2 Nd5 15. Bf3 Nxe3 16. fxe3 Bc5 17. Rhe1 Bxd4 18. Rxd4 e5 19. Rc4 Bd7 20. Bxc6 Bxc6 21. Rxc6+ Kd7 22. Rc5 Ke6 23. Rd1 Rhc8 24. Rdd5 Rxc5 25. Rxc5 f5 26. b4 g5 27. a4 Kd6 28. Ra5 f4 29. Kd2 Ke6 30. Kd3 Kf5 31. e4+ Ke6 32. Ke2 g4 33. b5 Rc8 34. Rxa6+ Ke7 35. Ra7+ Kd6 36. Kd2 Rf8 37. Rxh7 f3 38. gxf3 gxf3 39. Rh6+ 1-0

[Event "PNWCC Super G60"]
[Site "Chess.com INT"]
[Date "2020.10.18"]
[Round "5.9"]
[White "Leiva Rodriguez, Jeammarco Giuseppe"]
[Black "Wen, Teddie"]
[Result "1/2-1/2"]
[WhiteElo "2391"]
[BlackElo "2071"]
[PlyCount "128"]
[EventDate "2020.10.17"]
[EventType "swiss"]
[EventRounds "6"]
[EventCountry "USA"]
[SourceTitle "CBM 198 Extra"]
[Source "ChessBase"]
[SourceDate "2020.11.30"]
[SourceVersion "1"]
[SourceVersionDate "2020.11.30"]
[SourceQuality "1"]

1. d4 d5 2. c4 c6 3. Nf3 Nf6 4. e3 g6 5. Nc3 Bg7 6. Bd3 0-0 7. 0-0 dxc4 8. Bxc4 Bg4 9. h3 Bxf3 10. Qxf3 Nbd7 11. Rd1 e5 12. d5 e4 13. Nxe4 Nxe4 14. Qxe4 Nb6 15. Rb1 cxd5 16. Bxd5 Re8 17. Qf3 Nxd5 18. Rxd5 Qf6 19. Qxf6 Bxf6 20. Kf1 Rac8 21. Ke2 Rc2+ 22. Rd2 Rec8 23. Kd1 R2c6 24. b3 Kf8 25. Ba3+ Be7 26. Bb2 Bf6 27. Bxf6 Rxf6 28. Ke2 Rc7 29. Rbd1 Ke7 30. Rd4 h5 31. R1d2 Rfc6 32. Re4+ Re6 33. Ra4 a6 34. Rad4 Rec6 35. g4 Rc5 36. Re4+ Kf6 37. f4 Rc1 38. g5+ Kg7 39. Re8 R7c2 40. Rb8 Rxd2+ 41. Kxd2 Rh1 42. a4 h4 43. Rxb7 Rxh3 44. Ke2 Rg3 45. Kf2 Rg4 46. Rc7 h3 47. b4 Rg2+ 48. Kf3 Rb2 49. b5 axb5 50. axb5 h2 51. Rc1 Rxb5 52. Rh1 Rb2 53. e4 Rb3+ 54. Kf2 Rb4 55. Kf3 Rb3+ 56. Kg4 Rb4 57. e5 Rb2 58. Kg3 Rb3+ 59. Kg2 Rb4 60. Kg3 Rb3+ 61. Kg4 Rb2 62. Kh3 Rb3+ 63. Kh4 Rb4 64. Kg3 Rb3+ 1/2-1/2